Pokémon - Les attaques de Phogleur - Statistiques

Statistiques générales
  • Ce quiz a été pris 10 fois
  • Le résultat moyen est 13 sur 16
Statistiques - réponses
Niveaux Types Noms des attaques % Correct
Niveau 52 Glace Blizzard
100%
Niveau 28 Glace Onde Boréale
100%
Niveau 64 Glace Glaciation
86%
Départ Eau Pistolet à O
86%
Niveau 40 Normal Plaquage
86%
Niveau 12 Glace Poudreuse
86%
Niveau 16 Psy Repos
86%
Niveau 20 Normal Ronflement
86%
Départ Roche Roulade
86%
Départ Normal Rugissement
86%
Niveau 46 Eau Surf
86%
Niveau 58 Glace Grêle
71%
Niveau 24 Eau Saumure
71%
Départ Normal Boul'Armure
57%
Niveau 35 Normal Encore
57%
Départ Évolution Normal Vantardise
29%
Aucun quiz correspondant
Distribution des résultats
% des personnes avec chaque résultat
Percentile par nombre de réponses
Votre historique - résultats
Vous n’avez pas pris ce quiz